000 00526nam a2200205Ia 4500
008 151119s9999||||xx |||||||||||||| ||und||
082 _a820Sim/Hor
082 _bGKKV33492
100 _a"Simon, Francesca"
245 _aHorrid Henry's Nightmare
260 _aGreat Britain
260 _bOrion Children's Books
260 _c2013
300 _a100p.
600 _a"Simon, Francesca"
630 _aHorrid Henry's Nightmare
700 _a"Simon, Francesca"
730 _aHorrid Henry's Nightmare
942 _cBOOK
999 _c1085787
_d1085784